| 000 | 00605nam a22001937a 4500 | ||
|---|---|---|---|
| 999 |
_c15196 _d15196 |
||
| 003 | OSt | ||
| 082 | _2631.3 AMP/ST | ||
| 088 | _aP 153 | ||
| 100 |
_aAMPILI A. G _92736 |
||
| 245 | _aStudies on diffuser augmented micro wind turbine | ||
| 260 |
_aTavanur 2005 _bKelappaji College of Agricultural Engineering and Technology |
||
| 300 | _a76 | ||
| 500 | _aStudies on diffuser augmented micro wind turbine | ||
| 520 | _aStudies on diffuser augmented micro wind turbine | ||
| 700 |
_aSyamkrishnan R _92737 |
||
| 700 |
_aVishnupriya S _92738 |
||
| 700 |
_aDr. Sathyajith Mathew (Guide) _92739 |
||
| 942 | _cPR | ||